Statistics for Best Sportsman Quiz

Click here to take the quiz!

General Stats

  • This quiz has been taken 32 times
  • The average score is 4 of 34

Answer Stats

GroupAnswer% Correct
FootballLionel Messi
89%
FootballCristiano Ronaldo
85%
NBALeBron James
56%
NBAJames Harden
26%
NBAKevin Durant
26%
NBAKawhi Leonard
22%
FootballNeymar Jr
15%
NFLPatrick Mahomes
11%
NHLSidney Crosby
11%
NBASteph Curry
11%
FootballLuis Suarez
7%
NHLPatrick Kane
7%
NFLAaron Donald
4%
NHLAlexander Ovechkin
4%
FootballMohamed Salah
4%
GolfAdri Arnaus
0%
GolfBeau Hossler
0%
Cricket (All Rounder)Ben Stokes
0%
NHLConnor Mcdavid
0%
RugbyDanny Care
0%
NFLDrew Brees
0%
Cricket (Fielder)Glenn Maxwell
0%
Cricket (Bowler)Jasprit Bumrah
0%
RugbyJohnny Sexton
0%
Cricket (Wicket Keeper)Jonny Bairstow
0%
GolfJustin Harding
0%
NFLKhali Mack
0%
NHLNathan MacKinnon
0%
RugbySergio Parisse
0%
GolfShubhankar Sharma
0%
GolfSunjae Im
0%
RugbyThierry Dusautoir
0%
NFLTodd Gurley
0%
Cricket (Batsman)Virat Kolhi
0%

Score Distribution

Percentile by Number Answered

Percent of People with Each Score

Your Score History

You have not taken this quiz